Dampatya - Jeevanka Adarsha (Record no. 363999)

MARC details
000 -LEADER
fixed length control field 003530000a22001570004500
005 - DATE AND TIME OF LATEST TRANSACTION
control field 20120302065135.0
040 ## - CATALOGING SOURCE
Original cataloging agency Hin
100 ## - MAIN ENTRY--PERSONAL NAME
Personal name Poddar, Hanumanprasad
245 ## - TITLE STATEMENT
Title Dampatya - Jeevanka Adarsha
250 ## - EDITION STATEMENT
Edition statement 3rd
260 ## - PUBLICATION, DISTRIBUTION, ETC. (IMPRINT)
Place of publication, distribution, etc Gorakhpur:Geetapress
300 ## - PHYSICAL DESCRIPTION
Extent 143p..-ill
365 ## - TRADE PRICE
Price amount 5/-
650 ## - SUBJECT ADDED ENTRY--TOPICAL TERM
Topical term or geographic name as entry element Vaicharik, sankeerna
942 ## - ADDED ENTRY ELEMENTS (KOHA)
Koha item type Book
Holdings
Withdrawn status Lost status Damaged status Not for loan Home library Current library Date acquired Total Checkouts Barcode Date last seen Price effective from
        Institute For Oriental Study, Thane Institute For Oriental Study, Thane 12/02/2009   IOS-H 25054 12/02/2009 12/02/2009